000 00635cam a22002053a 4500
001 45483
003 PGUSA
005 20140828084043.0
008 140424s2014||||xxu|||||s|||||000 | eng d
040 _aPGUSA
_beng
042 _adc
100 1 _aMangasarian, M. M.
_q(Mangasar Mugurditch),
_d1859-1943
245 1 4 _aThe Story of My Mind :
_bOr, How I Became a Rationalist
_h[electronic resource] /
_cM. M. Mangasarian
260 _bProject Gutenberg,
_c2014
506 _aPublic domain in the USA.
516 _aElectronic text
830 0 _aProject Gutenberg
_v45483
856 4 0 _uhttp://www.gutenberg.org/ebooks/45483
942 _cEB
999 _c274734
_d274734